|
|
|
|
| LEADER |
00000nab a2200000uu 4500 |
| 001 |
vtls011434160 |
| 003 |
SK-MaSNL |
| 005 |
20260303145836.0 |
| 008 |
230222|2001 xo |||||||||||||||||slo| |
| 015 |
|
|
|a SNBRB
|
| 035 |
|
|
|a (urnnbn)urn:nbn:sk:snk:ar-001qu2
|
| 035 |
|
|
|a (uuid)d6da3dde-28c9-4c84-8cfe-c6d7bc9fd8b3
|
| 035 |
|
|
|a urn:nbn:sk:snk-abca2f
|
| 040 |
|
|
|a SNKBUCL
|b slo
|c SNKBUCL
|e AACR2
|
| 041 |
0 |
|
|a slo
|
| 044 |
|
|
|a xo
|c SK
|
| 100 |
1 |
|
|a Janský, Vladimír,
|d 1957-
|4 aut
|9 27936
|
| 245 |
1 |
0 |
|a CIKÁDY (AUCHENORRHYNCHA) PRÍRODNEJ REZERVÁCIE ROJKOVSKÉ RAŠELINISKO
|c Vladimír Janský
|
| 773 |
0 |
|
|t Zborník Slovenského národného múzea
|g Roč. 47, č. 47 (2001), s. 52-57
|
| 954 |
|
|
|a odborná, vedecká literatúra pôvodná (slovenská)
|2 lita
|
| 958 |
|
|
|a OND
|
| 958 |
|
|
|a EUIPO
|
| 958 |
|
|
|a article16
|
| 999 |
|
|
|c 2005713
|d 2007643
|